000 00291nam a2200109Ia 4500
008 180315s9999 xx 000 0 und d
020 _a9780071754330
100 _aKlososky, Scott
245 _aManager's guide to social media /
260 _aUSA :
_b2011
_cMcGrawHill
300 _av, 185 pages
999 _c356305
_d356305